000 01749cam a22004094i 4500
003 PE-LiUPU
005 20250731173323.0
008 150625s r 000 0 d
020 _a0829728678
040 _aPE-LiUPU
_bspa
_cPE-LiUPU
_erda
049 _aPRUA
082 0 4 _a232.904
_bJ37j
_223
100 1 _aJaramillo Cárdenas, Luciano,
_eautor.
245 1 0 _aJesús ejecutivo /
_cLuciano Jaramillo Cárdenas.
264 1 _aMiami, FL :
_bVida,
_c2001.
300 _a216 páginas ;
_c22 centímetros.
336 _atext
_2rdacontent
337 _aunmediated
_2rdamedia
338 _avolume
_2rdacarrier
504 _aIncluye bibliografía.
505 0 _aTener un claro concepto de la propia identidad. -Buen menejo de la imgen. -Un lider con visión. -Técnicas de reclutamiento. -Referencias y recomendaciones. -Inspirar, no imponer. -Aceptar los desafíos. -Jesucristo, un lider disponible. -Actitud positiva. -Jesús el estratega. -Un lider ecuánime. -Tratar bien a todos. -Sacar lo mejor de lo que tenemos. -Un nuevo diagnóstico de la condición humana. -Buena conexión con el jefe. -Conservar las energías. -Tener amarras interiores. -Hacer las cosas difíciles. -Un corazón delicado que sabe decir"Gracias". -Formación de un equipo. -Reestructuración. -Jesúsy las reglas números 13 y 14.
526 _aSEG42
526 _aSEG41
526 _aSEG40
526 _aSEG39
526 _aP94
526 _aP87
526 _aP86
526 _aP85
526 _aP77
526 _aP76
526 _aP35
600 1 _aJesucristo
_xLiderazgo
942 _2ddc
_cBK
999 _c46705
_d46705
980 _81
_gALBERTO SANCHEZ Responsable de Automatización